Все под контролем: Фантастические повести

Xehetasun bibliografikoak
Egile nagusia: Калугин А. А. Алексей Александрович
Hizkuntza:errusiera
Argitaratua: Москва, ЭКСМО-Пресс, 2002
Saila:Абсолютное оружие
Gaiak:
Formatua: MixedMaterials Liburua
KOHA link:https://koha.lib.tpu.ru/cgi-bin/koha/opac-detail.pl?biblionumber=41991

MARC

LEADER 00000nam0a2200000 4500
001 41991
005 20231031014800.0
010 |a 5040093640 
035 |a (RuTPU)RU\TPU\book\43135 
090 |a 41991 
100 |a 20020705d2002 m y0rusy50 ca 
101 0 |a rus 
102 |a RU 
105 |a y z 000ay 
200 1 |a Все под контролем  |e Фантастические повести  |f А. А. Калугин 
210 |a Москва  |c ЭКСМО-Пресс  |d 2002 
215 |a 480 с. 
225 1 |a Абсолютное оружие 
327 |a Содерж.: Дело мелкого контрабандиста; Дело о картине неизвестного автора; Дело о картинах Ван Гога; Дело о портрете Моны Лизы; Дело об архиве Уильяма Шекспира 
610 1 |a романы 
610 1 |a фантастика 
610 1 |a боевики 
675 |a Р2  |v 3 
700 1 |a Калугин  |b А. А.  |g Алексей Александрович 
801 1 |a RU  |b 63413507  |c 20020705  |g PSBO 
801 2 |a RU  |b 63413507  |c 20221201  |g PSBO 
942 |c BK